Statistics for Movie Titles in Spanish Quiz

Click here to take the quiz!

General Stats

  • This quiz has been taken 38,493 times
    (38,485 since last reset)
  • The average score is 13 of 24

Answer Stats

YearSpanishEnglish% Correct
1987Tres hombres y un bebé3 Men and a Baby
77%
1991La bella y la bestiaBeauty and the Beast
75%
2013Guerra mundial ZWorld War Z
72%
1997La vida es bellaLife is Beautiful
71%
2005Los cuatro fantásticosFantastic Four
69%
1972El padrinoThe Godfather
68%
2006Noche en el museoNight at the Museum
67%
1990Solo en casaHome Alone
63%
1985Regreso al futuroBack to the Future
63%
1977La guerra de las galaxiasStar Wars
61%
1987La princesa prometidaThe Princess Bride
56%
1999La milla verdeThe Green Mile
56%
2002El hombre arañaSpider-Man
55%
1999El sexto sentidoThe Sixth Sense
54%
2006El laberinto del faunoPan's Labyrinth
49%
2012ValienteBrave
48%
1978Colegio de animalesAnimal House
46%
1995Sospechosos habitualesThe Usual Suspects
46%
2008El caballero oscuroThe Dark Knight
46%
2010El discurso del reyThe King's Speech
44%
1989La sirenitaThe Little Mermaid
35%
1984Los cazafantasmasGhostbusters
34%
2009Resacón en Las VegasThe Hangover
34%
1990Bailando con lobosDances with Wolves
33%

Score Distribution

Percentile by Number Answered

Percent of People with Each Score

Your Score History

You have not taken this quiz since the last reset